Statistiques concernant Membres de la famille royale britannique

Cliquez ici pour prendre le quiz!

Statistiques générales

  • Ce quiz a été pris 517 fois
  • Le résultat moyen est 17 sur 23

Statistiques - réponses

RéponseNom% Correct
CharlesRoi actuel
99%
HenryDuc de Sussex
97%
WilliamPrince de Galles
95%
KatePrincesse de Galles
91%
MeghanDuchesse de Sussex
91%
PhilipDuc d'Édimbourg
91%
CamillaReine Consort
89%
Elizabeth IIReine
88%
AnnePrincesse royale
85%
Georgede Galles
84%
Charlottede Galles
83%
Louisde Galles
82%
AndrewDuc d'York
78%
EdwardComte de Wessex
73%
ArchieMountbatten-Windsor
66%
LilibetMountbatten-Windsor
63%
Eugénied'York
55%
Béatriced'York
54%
ZaraPhilips
50%
SophieComtesse de Wessex
45%
LouiseMountbatten-Windsor
44%
JamesMountbatten-Windsor
42%
PeterPhilips
38%

Distribution des résultats

Percentile par nombre de réponses

% des personnes avec chaque résultat

Votre développement - résultats

Vous n’avez pas pris ce quiz